000 00630nam a2200217Ia 4500
003 OSt
005 20250703101203.0
008 210210b2012 xxu||||| |||| 00| 0 eng d
020 _a9789380417813
040 _cAL
041 _ahin
082 _aH891.109 BANH
100 _aPandith Banne
_9201548
110 _bपंडित बनने
_9201549
245 _aHindi ke adhunik pratinidhi kavi
_b: हिंदी के आधुनिक प्रतिनिधि कवी
260 _aKanpur
_bAman Prakashan
_c2012
300 _a208
690 _aHindi Criticism
_9201555
906 _a067386
942 _2ddc
_cBK
999 _c150783
_d150783